000 00524nam a2200181Ia 4500
008 151018s9999 xx 000 0 und d
082 _bRBASDV32299
_a891.463
100 _aसंजय सोनवणी
245 _aकल्की
250 _b1
260 _bपुष्प प्रकाशन पुणे
_c1999
300 _a106
600 _aसंजय सोनवणी
630 _aकल्की
700 _aसंजय सोनवणी
730 _aकल्की
942 _cBOOK
999 _c1031824
_d1031821